| 000 | 00395nam a2200181Ia 4500 | ||
|---|---|---|---|
| 008 | 210210b1926 xxu||||| |||| 00| 0 eng d | ||
| 041 | _aeng | ||
| 082 | _a954/472 | ||
| 100 | _aVAIDYA (C V) | ||
| 245 | _aDownfall of hindu India | ||
| 260 |
_aPoona _b- _c1926 |
||
| 650 | _aof | ||
| 650 | _aIndia | ||
| 650 | _ahindu | ||
| 650 | _aDownfall | ||
| 690 | _aIndian History | ||
| 906 | _a026229 | ||
| 999 |
_c153285 _d153285 |
||